000 00362nam a2200133Ia 4500
005 20260328104320.0
008 260328s9999||||xx |||||||||||||| ||und||
100 _aNicolin, Pierluigi
245 0 _aMario Botta :
_b Construcciónes y Proyectos 1961-1982 /
_cPierluigi Nicolin
260 _bGustavo Gili
300 _a142 p.
650 _aMARIO BOTTA
942 _cBK
999 _c11313
_d11313